| 000 | 00369 a2200145 4500 | ||
|---|---|---|---|
| 020 | _a978-989-761-117-9 | ||
| 040 | _aISPLB | ||
| 082 | _b324 | ||
| 100 |
_9964 _aXIETU ,Joao ,Luis ,Neto ;Silva ,Luis ,Antonio |
||
| 245 | _aAngola :Guerra de Libertacao e Independencia | ||
| 260 |
_aLuanda, _bMayamba _c2017. |
||
| 300 | _a226p | ||
| 650 | _aPolitica | ||
| 942 | _cLivros | ||
| 999 |
_c2160 _d2160 |
||